| 000 | 00625nam a22002297a 4500 | ||
|---|---|---|---|
| 003 | UA-OsUOA | ||
| 001 | 89676 | ||
| 007 | ta | ||
| 008 | 20121108b un ||||| |||| 00| 0 ukr d | ||
| 100 | _aГуриненко П. | ||
| 090 |
_a821.161.2 _bГ 95 |
||
| 942 | _cBK | ||
| 040 |
_aUA-OsUOA _brus _cUA-OsUOA _dUA-OsUOA |
||
| 245 |
_aДней твоих немного _bроман |
||
| 300 | _a400 с. | ||
| 955 | _a3 | ||
| 041 | _arus | ||
| 080 | _a821.161.2 | ||
| 260 |
_aМ. _bсоветский писатель _c1984 |
||
| 650 | 7 |
_a82 Література. Літературознавство _2UDC |
|
| 999 |
_c375956 _d375956 |
||